Statistiques concernant Français célèbres °3

Cliquez ici pour prendre le quiz!

Statistiques générales

  • Ce quiz a été pris 191 fois
  • Le résultat moyen est 9 sur 14

Statistiques - réponses

HintFamous French people% Correct
Femme symbole de la FranceMarianne
90%
Auteur de "Le Tour du Monde en quartre-vingts jours" et "Voyage au centre de la Terre"Jules Verne
88%
Ingénieur d'une tour célèbre á ParisGustav Eiffel
87%
Leader de la France libre pendant Second Guerre mondiale et plus tard, il a été président pour une decennieCharles de Gaulle
86%
Symbole sexuel des années 60, activiste, modèle et actrice "Et Dieu...créa la femme"Brigitte Bardot
84%
Chimiste et microbiologiste qui a inventé la façon de tuer les microbes dans le lait et les premiers vaccins contre le charbon et la rageLouis Pasteur
82%
Souvent appeli le meilleur footballeurde tous les temps, a remporté la Coupe du Monde 1998 et la Coupe d'Europe 2000 avec la FranceZinedine Zidane
81%
PianistE et compositeur, célèbre pour "Boléro"Maurice Ravel
80%
Actrice célèbre pour "Les Parapluies de Cherbourg", "Indochine", "Le Dernier métro"...Catherine Deneuve
74%
Médecin qui est connu pour ses prédominantes et souvent vagues prédictions de l'avenirNostradamus
56%
Le compositeur de l'impressionisme musical, connu pour "Clair de Lune"Claude Debussy
31%
Il a fond une maison de mode en 1854 en concevant des troncs de voyage de luxeLouis Vuitton
20%
Artiste révolutionnaire qui a créé la fauvisme, "La Danse"Henri Matisse
18%
Actrise connu pour "Europa Europa","Trois Couleurs:Blanc" et "Before Sunrise"Julie Delpy
8%

Distribution des résultats

Percentile par nombre de réponses

% des personnes avec chaque résultat

Votre développement - résultats

Vous n’avez pas pris ce quiz